Triple : a novel /

Bibliographic Details
Main Author: Follett, Ken
Format: Book
Language:English
Published: New York : Arbor House, [1979]

MARC

Tag First Indicator Second Indicator Subfields
LEADER 00000cam a2200000 i 4500
001 in00000054413
005 20151008052029.0
008 791109s1979 nyu 00011 eng
010 |a  78073869  
019 |a 5574210 
020 |a 087795223X :  |c $10.95 
035 |a (OCoLC)05312782 
035 |9 AAH1313AM 
040 |a DLC  |c DLC  |d TXA  |d UtOrBLW 
049 |a TXAM  |c [1383270]  |a TXAS [mil]  |c 2 
050 0 0 |a PZ4.F665  |b Tr 1979b 
090 |a PR6056.O45  |b T75 1979 
100 1 |a Follett, Ken. 
245 1 0 |a Triple :  |b a novel /  |c by Ken Follett. 
264 1 |a New York :  |b Arbor House,  |c [1979] 
264 4 |c ©1979 
300 |a 377 pages ;  |c 25 cm. 
336 |a text  |b txt  |2 rdacontent 
337 |a unmediated  |b n  |2 rdamedia 
338 |a volume  |b nc  |2 rdacarrier 
536 |a From the Library of Harrison T. Meserole, 2002. 
999 |a MARS 
999 f f |s 8c7e34ad-e50e-30a0-8089-fb55eb7fa76d  |i 158b39b9-30fe-322f-89f8-1899678d2465  |t 0 
952 f f |p normal  |a Texas A&M University  |b College Station  |c Sterling C. Evans Library  |d Evans: Library Stacks  |t 0  |e PR6056.O45 T75 1979  |h Library of Congress classification  |i unmediated -- volume  |m A14804312105 
952 f f |p noncirc  |a Texas A&M University  |b College Station  |c Cushing Memorial Library & Archives  |d Cushing: Ragan Military (Does not check out)  |t 0  |e PZ4.F665 Tr 1979b  |h Library of Congress classification  |i unmediated -- volume 
998 f f |a PZ4.F665 Tr 1979b  |t 0  |l Cushing: Ragan Military (Does not check out) 
998 f f |a PR6056.O45 T75 1979  |t 0  |l Evans: Library Stacks